The Incorporated Benevolent Fund of the Surveyors' Institution (Record no. 99790)

MARC details
000 -LEADER
fixed length control field 00791cam a22001935a 4500
001 - CONTROL NUMBER
control field ##J100740
008 - FIXED-LENGTH DATA ELEMENTS--GENERAL INFORMATION
fixed length control field 000000s1911 000 0 eng u
035 ## - SYSTEM CONTROL NUMBER
System control number (Sirsi) u100740
041 0# - LANGUAGE CODE
Language code of text/sound track or separate title eng
050 04 - LIBRARY OF CONGRESS CALL NUMBER
Classification number 333.0062 $2 18
110 2# - MAIN ENTRY--CORPORATE NAME
Corporate name or jurisdiction name as entry element Surveyors' Institution
Subordinate unit Incorporated Benevolent Fund
9 (RLIN) 4853
245 04 - TITLE STATEMENT
Title The Incorporated Benevolent Fund of the Surveyors' Institution
Remainder of title committee's report and balance sheet for the year 1910-1911
-- to 30th June 1911
260 ## - PUBLICATION, DISTRIBUTION, ETC.
Place of publication, distribution, etc. [S.l.]
Name of publisher, distributor, etc. [s.n.]
Date of publication, distribution, etc. 1911
300 ## - PHYSICAL DESCRIPTION
Extent 11p.
Dimensions 21cm.
520 ## - SUMMARY, ETC.
Summary, etc. Contains a report of the institution proceedings, financial statements and a list of contributors.
651 #4 - SUBJECT ADDED ENTRY--GEOGRAPHIC NAME
Geographic name Great Britain
Chronological subdivision 1707-
690 ## - LOCAL SUBJECT ADDED ENTRY--TOPICAL TERM (OCLC, RLIN)
Topical term or geographic name as entry element ABOUT RICS-RICS STRUCTURE AND GOVERNANCE-RICS CORPORATE MANAGEMENT-RICS FINANCIAL MANAGEMENT
942 ## - ADDED ENTRY ELEMENTS (KOHA)
Suppress in OPAC 0
Holdings
Withdrawn status Lost status Source of classification or shelving scheme Damaged status Not for loan Home library Current library Shelving location Date acquired Total Checkouts Full call number Barcode Date last seen Copy number Price effective from Koha item type
    Dewey Decimal Classification     Historic collection Historic collection RICS Boxes 22/10/1999   RICS 1911/3 30059617 06/08/2019 1 06/08/2019 Archive